00623 2200241 4500001002100000005001500021035002000036007000300056008004100059020002200100082001000122084001600132100002000148245007300168250001000241260003500251300002300286650001800309700002300327700000900350990001100359990001100370INLIS00000000000426020191017031845 a0010-1019000112ta191017 g f ind  a978-602-5884-08-5 a808.3 a808.3 ERL o0 aERLITA, Scorpio1 aOutwit /cErlita Scorpio; penyunting naskah, Michelle Cherryna, Juni acet.1 aJakarta :bAksara Plus+,c2018 a292 hlm. ;c19 cm. 4aSASTRA. NOVEL0 aMICHELLE, Cherryna0 aJUNI a6957 a a6957 b